000 00267nam a2200121Ia 4500
008 190216s9999||||xx |||||||||||||| ||und||
100 _aTaj P M
245 0 _aPerumpara
260 _bCurrent Books
_c1992
300 _a60p
650 _aMalayalam Nadakam
942 _cBK
999 _c26776
_d26776